Elementary theory of sets (Record no. 543645)
[ view plain ]
| 000 -LEADER | |
|---|---|
| fixed length control field | 00695cam a22001811 4500 |
| 082 00 - DEWEY DECIMAL CLASSIFICATION NUMBER | |
| Classification number | 511.322 |
| Author Mark | DIN |
| -- | L-2, P-72 |
| 100 1# - MAIN ENTRY--PERSONAL NAME | |
| Personal name | Dinkines, Flora, |
| 9 (RLIN) | 39086 |
| 245 10 - TITLE STATEMENT | |
| Title | Elementary theory of sets |
| Remainder of title | Elementary concepts of modern mathematics. |
| 260 ## - PUBLICATION, DISTRIBUTION, ETC. | |
| Place of publication, distribution, etc. | New York, |
| Name of publisher, distributor, etc. | Appleton-Century-Crofts |
| Date of publication, distribution, etc. | [1964] |
| 300 ## - PHYSICAL DESCRIPTION | |
| Extent | x, 457 p. |
| Other physical details | illus. |
| Dimensions | 22 cm. |
| 490 0# - SERIES STATEMENT | |
| Series statement | The Appleton-Century mathematics series |
| 505 0# - FORMATTED CONTENTS NOTE | |
| Formatted contents note | pt. 1. Elementary theory of sets.--pt. 2. Introduction to mathematical logic.--pt. 3. Abstract mathematical systems. |
| 526 ## - STUDY PROGRAM INFORMATION NOTE | |
| Program name | 0 |
| Interest level | 0 |
| Reading level | 0 |
| Title point value | 511_322000000000000_DIN |
| 650 #0 - SUBJECT ADDED ENTRY--TOPICAL TERM | |
| Topical term or geographic name entry element | Arithmetic |
| General subdivision | Foundations. |
| 9 (RLIN) | 39087 |
| 650 #0 - SUBJECT ADDED ENTRY--TOPICAL TERM | |
| Topical term or geographic name entry element | MCE |
| 9 (RLIN) | 379 |
| 650 #0 - SUBJECT ADDED ENTRY--TOPICAL TERM | |
| Topical term or geographic name entry element | Set theory. |
| 9 (RLIN) | 39088 |
| 942 ## - ADDED ENTRY ELEMENTS (KOHA) | |
| Source of classification or shelving scheme | |
| Koha item type | Book |
| Withdrawn status | Lost status | Source of classification or shelving scheme | Damaged status | Not for loan | Permanent Location | Current Location | Date acquired | Total Checkouts | Full call number | Barcode | Date last seen | Price effective from | Koha item type |
|---|---|---|---|---|---|---|---|---|---|---|---|---|---|
| Military College of Engineering (MCE) | Military College of Engineering (MCE) | 03/28/2014 | 511.322 DIN | MCE-5651 | 03/28/2014 | 03/28/2014 | Book |
